000 00305nam a2200133 i 4500
001 bg
100 1 _aWEINBERG, Steven
245 0 _aPierwsze trzy minuty /
_cSteven Weinberg.
260 _aWarszawa,
_c1980.
040 _cBPK
041 _apol
942 _cKS
008 s pl f |000 0 pol
999 _c21600
_d21600
856 _uhttp://koha.tu.koszalin.pl/cgi-bin/koha/opac-detail.pl?biblionumber=21600
_yKatalog online BPK